| 000 | 00977nas a2200313 4500 | ||
|---|---|---|---|
| 001 | BR2011000443 | ||
| 003 | BR-BrBNA | ||
| 005 | 20231205114912.0 | ||
| 007 | ta | ||
| 008 | 230509b bl.|||p| |||| 00| 00por d | ||
| 040 |
_aBR-BrBNA _bpor _cBiblioteca Nacional de Agricultura |
||
| 041 | _a(Pt) | ||
| 072 | _aQ04; Q05 | ||
| 100 | 1 | _aCarvalho, J.M. de | |
| 100 | 1 | _aSousa, P.H.M. de | |
| 100 | 1 | _aMaia, G.A. | |
| 100 | 1 | _aPrado, G.M. do | |
| 100 | 1 | _aGonçalves, M.C. | |
| 245 | 1 |
_aMapa de preferência interno de bebida energética elaborada com água de coco e suco de caju clarificado _bNota prévia |
|
| 650 | _aCAJU | ||
| 650 | _aSUCO DE FRUTA | ||
| 650 | _aÁGUA DE COCO | ||
| 650 | _aADITIVO | ||
| 650 | _aCAFEÍNA | ||
| 650 | _aANÁLISE ORGANOLÉPTICA | ||
| 773 | 0 |
_tBrazilian Journal of Food Technology (Brazil) _xISSN 1519-0900 _g(Jul-Sep 2006), v. 9(3) p. 171-175 _wBR2011000443 |
|
| 909 |
_a202311 _bLúcia _c55 _dLúcia Elande |
||
| 942 |
_2AGRIS _n0 _cANA |
||
| 999 |
_c211109 _d211109 |
||